Szczegóły MARC21

Dienst und Herrschaft : ein Versuch über Robert Walser /

003 -Nazwa inst., której nr kontr. jest w polu 001 [,]
    • @
    • Nazwa instytucji, której n kontrolny jest w polu 001
    • NUKAT
005 -DATA I CZAS OSTATNIEJ MODYFIKACJI [,]
    • @
    • pole kontrolne
    • 20241231112146.0
020 -Międzynarod. znormalizowany nr książki - ISBN [ , ]
    • a
    • Numer ISBN
    • 3484103868 Find
040 -Instytucja sporządzająca opis [ , ]
    • a
    • Instytucja, która sporządziła opis (NP)
    • NUKAT
    • b
    • Język katalogowania
    • pol
    • e
    • Zasady katalogowania
    • rda
    • c
    • Instytucja, która sporządziła rekord (NP)
    • POZN U/LB DP
    • d
    • Instytucja, która zmodyfikowała rekord (P)
    • POZN U/HK
    • d
    • Instytucja, która zmodyfikowała rekord (P)
    • SZCZ U/JSs
942 -Rodzaj dokumentu [ , ]
    • c
    • Rodzaj dokumentu
    • Książka
100 -Hasło główne - nazwa osobowa [1, ]
    • a
    • Nazwa osobowa (NP)
    • Borchmeyer, Dieter
    • d
    • Daty biograficzne (NP)
    • (1941- ).
    • e
    • Rodzaj współpracy
    • Autor
    • 9
    • KHW
    • 454062
245 -Strefa tytułu i oznaczenia odpowiedzialności [1,0]
    • a
    • Tytuł
    • Dienst und Herrschaft : Find
    • b
    • Ciąg dalszy tytułu (NP)
    • ein Versuch über Robert Walser / Find
    • c
    • Pozostałe elementy strefy tytułu i oznaczenia odpowiedzialności (NP)
    • Dieter Borchmeyer.
260 -Strefa adresu wydawniczego [ , ]
    • a
    • Miejsce wydania (P)
    • Tübingen :
    • b
    • Nazwa wydawcy (P)
    • Max Niemeyer Verlag,
    • c
    • Data wydania (P)
    • 1980.
300 -Strefa opisu fizycznego [ , ]
    • a
    • Określenie formy książki i/lub objętość (NP)
    • 94 strony ;
    • c
    • Format (NP)
    • 22 cm.
336 -Typ zawartości [ , ]
    • a
    • Termin opisujący typ zawartości
    • Tekst
    • b
    • Kod określający zawartość
    • txt
    • 2
    • Źródło (terminu i kodu)
    • rdacontent
337 -Typ mediów [ , ]
    • a
    • Tryb odtwarzania
    • Bez urządzenia pośredniczącego
    • b
    • Kod typu mediów
    • n
    • 2
    • Źródło (terminu i kodu)
    • rdamedia
338 -Typ/rodzaj nośnika [ , ]
    • a
    • Hasło opisujące typ nośnika
    • Wolumin
    • b
    • Kod typu nośnika
    • nc
    • 2
    • Źródło (terminu i kodu)
    • rdacarrier
490 -Strefa serii i książki wielotomowej - forma nie do wyszukiwania [1, ]
    • a
    • Tytuł (P)
    • Untersuchungen zur Deutschen Literaturgeschichte, Find
    • x
    • ISSN (NP)
    • 0083-4564 ;
    • v
    • Numeracja (P)
    • Bd. 26
830 -Hasło dodatkowe serii i opisu książki wielotomowej - tytuł ujednolicony/tytuł [ ,0]
    • a
    • Tytuł ujednolicony/tytuł (NP)
    • Untersuchungen zur Deutschen Literaturgeschichte
    • x
    • ISSN
    • 0083-4564
    • v
    • Oznaczenie tomu (NP)
    • Bd. 26
    • 9
    • KHW
    • 440702
504 -Uwaga dot. bibliogr. załącznikowej [ , ]
    • a
    • Uwaga dot. bibliografii załącznikowej
    • Indeks.
600 -Hasło przedmiotowe w formie nazwy osobowej [1,7]
    • a
    • Nazwa osobowa
    • Walser, Robert
    • d
    • Daty związane z nazwą
    • (1878-1956)
    • x
    • Określnik rzeczowy
    • krytyka i interpretacja.
    • 2
    • Źródło terminu
    • kaba
    • 9
    • KHW
    • 477472
710 -Hasło dodatkowe - nazwa ciała zbiorowego [2, ]
    • a
    • Nazwa ciała zbiorowego lub nazwa geograficzna jako pierwszy element (NP)
    • Max Niemeyer Verlag.
    • e
    • Rodzaj współpracy
    • Wydawca
    • 4
    • Kod relacji
    • pbl
    • 9
    • KHW
    • 60393
920 -ISBN [ , ]
    • a
    • ISBN
    • 3-484-10386-8 Find
Sygnatura Status udost. Lokalizacja Data inwentaryzacji Numer inwentarzowy
Germ. Literaturozn.-R. Walser 06-3BM2019-02-13G.19954